000 00205 a2200097 4500
001 14194
100 _aDaves T.V
245 _aAn English class book
260 _aLondon
_bG Bell
_c
090 _c11137
_d11137
942 _aNUST-CAE
_cM
_c1267
999 _c249267
_d249267